书目信息 |
| 题名: |
民事诉讼法学习题集
|
|
| 作者: | 张榕 主编 | |
| 分册: | ||
| 出版信息: | 厦门 厦门大学出版社 2005.06 |
|
| 页数: | 299页 | |
| 开本: | 26cm | |
| 丛书名: | 厦门大学法学院教学资料系列 | |
| 单 册: | ||
| 中图分类: | D925.1-44 | |
| 科图分类: | ||
| 主题词: | 民事诉讼法--min shi su song fa--中国--高等学校--习题 | |
| 电子资源: | ||
| ISBN: | 7-5615-2380-7 | |
| 000 | 00768nam 2200229 450 | |
| 001 | CAL 012005110537 | |
| 005 | 20060526161825.96 | |
| 010 | @a7-5615-2380-7@dCNY 28.00 | |
| 099 | @aCAL 012005110537 | |
| 100 | @a20050824d2005 ekmy0chiy0121 ea | |
| 101 | 0 | @achi |
| 102 | @aCN@b350000 | |
| 200 | 1 | @a民事诉讼法学习题集@Amin shi su song fa xue xi ti ji@f张榕主编 |
| 210 | @a厦门@c厦门大学出版社@d2005.06 | |
| 215 | @a299页@d26cm | |
| 225 | 2 | @a厦门大学法学院教学资料系列@Axia men da xue fa xue yuan jiao xue zi liao xi lie |
| 410 | 0 | @12001 @a厦门大学法学院教学资料系列 |
| 606 | 0 | @a民事诉讼法@Amin shi su song fa@y中国@x高等学校@j习题 |
| 690 | @aD925.1-44@v4 | |
| 701 | 0 | @a张榕@Azhang rong@4主编 |
| 801 | 0 | @aCN@bZNUEL@c20060526 |
| 905 | @a10447@dD925.1-44@eZ152 | |
| 民事诉讼法学习题集/张榕主编.-厦门:厦门大学出版社,2005.06 |
| 299页;26cm.-(厦门大学法学院教学资料系列) |
| ISBN 7-5615-2380-7:CNY 28.00 |
| ● |
| 相关链接 |
|
|
|
正题名:民事诉讼法学习题集
索取号:D925.1-44/Z152
 
预约/预借
| 序号 | 登录号 | 条形码 | 馆藏地/架位号 | 状态 | 备注 |
| 1 | 603796 | 206037965 | 社科库509/509社科库 100排2列1层/ [索取号:D925.1-44/Z152] | 在馆 | |
| 2 | 603797 | 206037974 | 社科库509/509社科库 100排2列1层/ [索取号:D925.1-44/Z152] | 在馆 | |
| 3 | 603798 | 206037983 | 社科库509/509社科库 100排2列1层/ [索取号:D925.1-44/Z152] | 在馆 |